ASEAN : future economic and political cooperationproceedings of the Conference on Asean future economic and political cooperation, Kuala Lumpur, November 13-15, 1992
| Format: | Book |
|---|---|
| Published: |
[Kuala Lumpur]:
ISIS Malaysia,
1993.
|
| Subjects: |
| LEADER | 00579cam a2200145 7i4500 | ||
|---|---|---|---|
| 001 | 0000002934 | ||
| 005 | 19991025090000.0 | ||
| 002 | ##000004236 | ||
| 020 | 0 | 0 | |a 967-947-170-5 |
| 090 | 0 | 0 | |a M 341.2473 |b ASE |
| 245 | 0 | 0 | |a ASEAN : |b future economic and political cooperationproceedings of the Conference on Asean future economic and political cooperation, Kuala Lumpur, November 13-15, 1992 |c edited by Wolfgang Moellers & Rohana Mahmood. |
| 260 | 0 | 0 | |a [Kuala Lumpur]: |b ISIS Malaysia, |c 1993. |
| 300 | 0 | 0 | |a 125p. |
| 650 | 0 | 0 | |a Economies |
| 999 | |a 0000004201 |b Book |c Open shelf |e Business Information Centre | ||


